000
00300nam a2200145Ia 4500
100
_a
Vrat/ Sardana
942
_c
BK
654
_a
productivity
245
_a
Productivity Management
260
_b
Narosa
_a
London
_c
1998
082
_a
658.4
_b
VRA
300
_a
300
546
_a
ENGLISH
999
_c
28405
_d
28405